Το γλωσσικό ιδίωμα της Σάμου : φωνητική - μορφολογία - τοπωνυμικά -ονοματολογικά σε εικόνες - γλωσσάριο με ετυμολογικές παρατηρήσεις
Saved in:
| Main Author: | |
|---|---|
| Format: | Book |
| Language: | Greek |
| Published: |
Αθήνα :
Γρηγόρης,
1995.
|
| Subjects: | |
| Tags: |
Add Tag
No Tags, Be the first to tag this record!
|
MARC
| LEADER | 00000cam a2200000 i 4500 | ||
|---|---|---|---|
| 001 | 1/33849 | ||
| 008 | 960805s1995 gr | ||| |||| ||gre|| | ||
| 020 | |a 9603330523 | ||
| 035 | |1 ΕΛΗ |a 1996 |b 0108 |c ΒΙΒΛΙΟΘΗΚΗ |l 10039480 | ||
| 040 | |a GR-MyUA |b gre |e AACR2 | ||
| 041 | 0 | |a gre | |
| 082 | 0 | |a 489.337 | |
| 100 | 1 | |a Ζαφειρίου, Μενεκράτης Π. | |
| 245 | 1 | 3 | |a Το γλωσσικό ιδίωμα της Σάμου : |b φωνητική - μορφολογία - τοπωνυμικά -ονοματολογικά σε εικόνες - γλωσσάριο με ετυμολογικές παρατηρήσεις / |c Μενεκράτης Π.Ζαφειρίου. |
| 260 | |a Αθήνα : |b Γρηγόρης, |c 1995. | ||
| 300 | |a 669 σ. ; |c 21 εκ. | ||
| 650 | 0 | 0 | |a Greek language |x Idioms |x Dictionaries |z Greece |z Samos (Municipality) |
| 650 | 0 | 0 | |a Greek language |x Dialects |x Dictionaries. |
| 852 | |a INST |b LESVOS |e 19980512 |h 489.337 ΖΑΦ |p 005100014109 |q 005100014109 |t REF |y 23 | ||
| 852 | |a INST |b RHODES |e 20040112 |h 489.337 ΖΑΦ |p 005400019753 |q 005400019753 |t REF |y 23 | ||
| 852 | |a INST |b SAMOS |e 19960805 |h 489.337 ΖΑΦ |p 005300009441 |q 005300009441 |t REF |y 23 | ||
| 901 | |a BIBL-1998-2 | ||
| 901 | |a BIBL4-2004-1 | ||
| 909 | |a Σ |b 041779 | ||
| 909 | |a Λ |b 055757 | ||
| 909 | |a Ρ |b 107145 | ||
| 922 | |a 1ΕΛΗ |b 199804 |c ΚΠΣ/ΤΚΑ |d EMVASIS | ||
| 922 | |a 4ΕΛΗ |b 200311 |c ΕΠΕΑΕΚ2/ΤΜΣ |d ΜΙΧΑΛΟΠΟΥΛΟΣ | ||
| 950 | |a 1117-1998-01-28 | ||
| 950 | |a 124-2003-10-08 | ||
| 970 | |a ΚΟΥΛΑΚΙΟΤΗ |b ΛΙΤΣΑ |z 2004/02/10 | ||